<A> Book on C Programming in C

Guardado en:
Detalles Bibliográficos
Autor principal: Kelley, Al
Otros Autores: Pohl, Ira
Formato: Libro
Lenguaje:inglés
Publicado: Redwood City Benjamin/Cummings Publ. Co. 1990
Edición:2. ed.
Materias:
Etiquetas: Agregar Etiqueta
Sin Etiquetas, Sea el primero en etiquetar este registro!

MARC

LEADER 00000nam a2200000 4500
001 c016709
005 20221215113351.5
041 0 |a eng 
044 |a US 
245 1 0 |a <A> Book on C  |b Programming in C  |c Al Kelley, Ira Pohl 
250 |a 2. ed. 
264 1 |a Redwood City  |b Benjamin/Cummings Publ. Co.  |c 1990 
300 |a 519 s. 
610 2 0 |a programovanie 
610 2 0 |a programovanie počítačov 
610 2 0 |a jazyky programovacie 
100 1 |a Kelley, Al 
700 1 |a Pohl, Ira